000 00624nam a2200229Ia 4500
003 OSt
005 20220918205556.0
006 a|||||r|||| 00| 0
007 ta
008 220917b |||||||| |||| 00| 0 eng d
024 _a117,122
037 _cTextual
040 _aARTS
_cARTS
_beng
041 _2eng
_aeng
082 _aV6:1:N5, 113J2 (906)
100 _aEestermann Diedrich
_9115533
245 0 _aGeschichte Afrikas
_b staatenbildugen Sudlich der sahara
260 _c1952
650 _aHISTORY
942 _hV6:1:N5, 113J2 (906)
_cTEXL
_2CC
999 _c240412
_d240412